Normal view
MARC view
- Col. (R) Ashfaq Hussain
Entry Personal Name
001 - CONTROL NUMBER
- control field: 24090
003 - CONTROL NUMBER IDENTIFIER
- control field: NUST
005 - DATE AND TIME OF LATEST TRANSACTION
- control field: 20191015171645.0
008 - FIXED-LENGTH DATA ELEMENTS
- fixed length control field: 191015|| aca||aabn | a|a d
040 ## - CATALOGING SOURCE
- Original cataloging agency: NUST
- Transcribing agency: NUST
100 ## - HEADING--PERSONAL NAME
- Personal name: Col. (R) Ashfaq Hussain
670 ## - SOURCE DATA FOUND
- Source citation: Work cat.: (NUST): Col. (R) Ashfaq Hussain, Gentleman Astaghfirullah
